000 01914nam a2200325 a 4500
999 _c371341
_d371341
003 BLK
005 20240228135454.0
008 200629b bu ||||| |||| 00| 0 bu d
020 _a978-954-09-1383-4
040 _aBLK
041 _aBUL
_cBUL
080 _aБългарска литература
_b821.163.2
_x-13
_z821.163.2-13
080 _aБългарска литература
_b821.163.2
_x(092)
_z821.163.2(092)
080 _a Български журналист, поет, редактор, критик, публицист, директор на радио- и телевизионни канали, издател и обществен деец
_b929 Гранитски, Иван
_z929 Гранитски, Иван
080 _aАнтични религии
_b255
_x(398)-14
_z255(398)-14
100 1 _aГранитски, Иван
_qДимитров, Иван Йорданов
_d1953-
_gЖурналист, литературен критик, теоретик и историк, поет, публицист и издател.
_955767
139 _aГранитски, Иван
_bГ 77
245 _aЗалмоксис
_bмистична поема
_cИван Гранитски; критически коментар Иван Маразов.
257 _aBGR
260 _9209473
_aСофия
_bЗахарий Стоянов
_c2019
_fСилистра : Ковачев прес
300 _a68 с.
_bс цв. ил.
_c24 см
380 _aX
500 _aИван Гранитски - псевд. на авт. Иван Йорданов Димитров Залмоксис и неговият аед / Иван Маразов: с. 4-5. - Библиогр.: с. 61-65.
504 _a61-65.
700 _9635
_aМаразов, Иван Русев
_eкомент.
852 _bЦб
_aЦб 299361
942 _cKNG
_n0
_s1
999 _d371341
944 _k30560
_lГеновева Генчева